Los estándares internacionales de auditoría y su comparación con las normas argentinas (Registro nro. 449)

Detalles MARC
000 -LEADER
fixed length control field 01363 a2200217 4500
001 - CONTROL NUMBER
control field 10422
005 - DATE AND TIME OF LATEST TRANSACTION
control field 20260407155437.0
008 - FIXED-LENGTH DATA ELEMENTS--GENERAL INFORMATION
fixed length control field 260407a2010 arg spa d
003 - CONTROL NUMBER IDENTIFIER
control field AR-UNSa-BCEJYS
040 ## - CATALOGING SOURCE
Original cataloging agency AR-UNSa-BCEJYS
Language of cataloging spa
Transcribing agency AR-UNSa-BCEJYS
080 ## - UNIVERSAL DECIMAL CLASSIFICATION NUMBER
Universal Decimal Classification number 657.6
Common auxiliary subdivision Auditoria (control interno)
020 ## - INTERNATIONAL STANDARD BOOK NUMBER
International Standard Book Number 978-987-01-1080-4
100 1# - MAIN ENTRY--PERSONAL NAME
Personal name Casal, Armando Miguel
245 10 - TITLE STATEMENT
Title Los estándares internacionales de auditoría y su comparación con las normas argentinas
264 #1 - PRODUCTION, PUBLICATION, DISTRIBUTION, MANUFACTURE, AND COPYRIGHT NOTICE
Place of production, publication, distribution, manufacture Buenos Aires :
Name of producer, publisher, distributor, manufacturer Errepar
Date of production, publication, distribution, manufacture, or copyright notice 2010
300 ## - PHYSICAL DESCRIPTION
Extent xxi, 215 p.
Dimensions 22 cm.
505 ## - FORMATTED CONTENTS NOTE
Formatted contents note 1. Los estándares internacionales de auditoría y su comparación con las normas argentinas de auditoría - 2. Detalle de principales diferencias internormativas - 3. Contabilida y auditoría ambiental. Los aspectos medioambientales en la auditoría de estados financieros (intenational auditing practice statement 1010) - 4. Audtoría de instrumentos finacieros derivados - 5. El informe del auditor sobre el cumplimiento de los estándares internacionales de informaión financiera y las normas contables nacionales - 6. Comentarios finales
590 ## - LOCAL NOTE (RLIN)
Local note niveau_biblio:m niveau_hierar:0
856 41 - ELECTRONIC LOCATION AND ACCESS
Uniform Resource Identifier <a href="https://biblioeco.unsa.edu.ar/pmb/images/libros/Los estandares internacionales de auditoria y su comparacion con las normas Argentinas2-l118712.jpg">https://biblioeco.unsa.edu.ar/pmb/images/libros/Los estandares internacionales de auditoria y su comparacion con las normas Argentinas2-l118712.jpg</a>
Link text Imagen de portada
Electronic format type image/jpeg
942 ## - ADDED ENTRY ELEMENTS (KOHA)
Koha item type
Existencias
Withdrawn status Lost status Damaged status Not for loan Home library Current library Shelving location Date acquired Total checkouts Full call number Barcode Date last seen Price effective from Koha item type
        Biblioteca Prof. Eusebio Cleto del Rey Biblioteca Prof. Eusebio Cleto del Rey   07/04/2026   657.6 C334e L118712 07/04/2026 07/04/2026 Libro
        Biblioteca Prof. Eusebio Cleto del Rey Biblioteca Prof. Eusebio Cleto del Rey   07/04/2026   657.6 C334e L118713 07/04/2026 07/04/2026 Libro